| 000 | 00638nam a2200181Ia 4500 | ||
|---|---|---|---|
| 008 | 151018s9999 xx 000 0 und d | ||
| 082 |
_bRBASDV24734 _a613 |
||
| 100 | _aध रा गाला | ||
| 245 | _aउपवास करा आणि निरोगी व्हा | ||
| 250 | _b3 | ||
| 260 |
_bगाला पब्लिशर्स _c1991 |
||
| 300 | _a47 | ||
| 600 | _aध रा गाला | ||
| 630 | _aउपवास करा आणि निरोगी व्हा | ||
| 700 | _aध रा गाला | ||
| 730 | _aउपवास करा आणि निरोगी व्हा | ||
| 942 | _cBOOK | ||
| 999 |
_c1024370 _d1024367 |
||